| 000 | 00814nam a2200241 i 4500 | ||
|---|---|---|---|
| 001 | 44628 | ||
| 003 | ES-MaACL | ||
| 005 | 20250930063050.0 | ||
| 007 | t| | ||
| 008 | 030321s1965 sp |||| |cspa d | ||
| 100 | 1 |
_aClarasó, Noel, _d1899-1985 _939003 |
|
| 245 | 1 | 0 |
_a6 vidas al margen de la ley / _cNoel Clarasó. |
| 260 |
_aBarcelona : _bM.Y.N.E., _c1965. |
||
| 300 |
_a189 p. ; _c19 cm. |
||
| 505 | 8 | _aContiene: Ana Bolena. Mata Hari. Luis Candelas. Kazuko. Earl Ward. Salvatore Giuliano | |
| 600 | 0 | 4 |
_aAna Bolena _cReina consorte de Enrique VIII, Rey de Inglaterra. _921358 |
| 600 | 0 | 4 |
_aMata Hari. _978892 |
| 600 | 1 | 4 |
_aCandelas, Luis. _934459 |
| 650 | 4 |
_aCrimen y criminales. _911417 |
|
| 740 | 0 | 2 | _aSeis vidas al margen de la ley. |
| 852 |
_aES-MaACL _jC-28175 |
||
| 999 |
_c44628 _d44628 |
||